00390pab a2200121 454500008004000000100001900040245010100059260000900160300001300169362001300182650003000195773004300225180718b2013 xxu||||| |||| 00| 0 eng d aNayak, Sanatan aInclusive Growth and participatory approach: extent, implementation and accumulation of benefits c2013 ap.79-91. aJul- Dec aParticipatory development aJournal of Social and Economic Studies